[Event "Eger Agria op 40th"]
[Site "Eger"]
[Date "2016.07.21"]
[Round "5"]
[White "Bako, Milan"]
[Black "Ronyai, Imre"]
[Result "0-1"]
[WhiteElo "1310"]
[BlackElo "1583"]
[PlyCount "64"]
[EventDate "2016.07.18"]
[EventType "swiss"]
[EventRounds "8"]
[EventCountry "HUN"]
[SourceTitle "EXT 2020"]
[Source "ChessBase"]
[SourceDate "2019.10.17"]
[SourceVersion "1"]
[SourceVersionDate "2019.10.17"]
[SourceQuality "1"]

1. e4 c5 2. Nf3 e6 3. Bb5 a6 4. Be2 Nc6 5. Nc3 Be7 6. d3 Bf6 7. Bd2 d6 8. Rb1 b5 9. a3 Bb7 10. 0-0 g6 11. h3 Bg7 12. Bg5 Qa5 13. Bd2 Qc7 14. Na2 Nf6 15. Bc3 0-0 16. Qc1 Rad8 17. Qg5 e5 18. Qe3 Nd4 19. Qd2 Nxe2+ 20. Qxe2 Nh5 21. Qe1 Qd7 22. Bd2 f5 23. Ng5 h6 24. Nf3 fxe4 25. dxe4 Rxf3 26. gxf3 Qxh3 27. Nc3 Rf8 28. f4 Rxf4 29. f3 Ng3 30. Bxf4 exf4 31. Qd2 Qh1+ 32. Kf2 Bd4+ 0-1

[Event "Budapest Karacsonyi op 6th"]
[Site "Budapest"]
[Date "2014.12.29"]
[Round "4"]
[White "Ronyai, Imre"]
[Black "Szurkos, Andras"]
[Result "0-1"]
[WhiteElo "1537"]
[BlackElo "1782"]
[PlyCount "74"]
[EventDate "2014.12.27"]
[EventType "swiss"]
[EventRounds "7"]
[EventCountry "HUN"]
[SourceTitle "EXT 2020"]
[Source "ChessBase"]
[SourceDate "2019.10.17"]
[SourceVersion "1"]
[SourceVersionDate "2019.10.17"]
[SourceQuality "1"]

1. e4 e5 2. Nf3 Nc6 3. Nc3 Nf6 4. d4 exd4 5. Nd5 Bb4+ 6. Nxb4 Nxb4 7. Nxd4 Nxe4 8. Qe2 0-0 9. Qc4 c5 10. Ne2 d5 11. Qb3 Be6 12. Nf4 a5 13. c3 c4 14. Qd1 Nc6 15. Be3 g5 16. Nxe6 fxe6 17. f3 Nd6 18. Qd2 Nf7 19. 0-0-0 b5 20. h4 g4 21. fxg4 b4 22. Bc5 bxc3 23. bxc3 Re8 24. Qf4 Qb8 25. Qxb8 Raxb8 26. Be2 Rb5 27. Ba3 Reb8 28. Kd2 Rb2+ 29. Bxb2 Rxb2+ 30. Ke3 Rxa2 31. Bf3 h6 32. Rb1 Kg7 33. Rb6 Nfe5 34. Rhb1 Rc2 35. R1b5 Rxc3+ 36. Kd2 Rd3+ 37. Ke2 Nd4+ 0-1

[Event "Budapest op 4th"]
[Site "Budapest"]
[Date "2014.08.19"]
[Round "4"]
[White "Liptak, Tibor"]
[Black "Ronyai, Imre"]
[Result "1-0"]
[WhiteElo "1827"]
[BlackElo "1540"]
[PlyCount "39"]
[EventDate "2014.08.16"]
[EventType "swiss"]
[EventRounds "9"]
[EventCountry "HUN"]
[SourceTitle "CBM 161 Extra"]
[Source "ChessBase"]
[SourceDate "2014.08.29"]
[SourceVersion "1"]
[SourceVersionDate "2014.08.29"]
[SourceQuality "1"]

1. e4 c5 2. Nf3 e6 3. Nc3 Nc6 4. Bb5 a6 5. Bxc6 bxc6 6. 0-0 Nf6 7. d4 cxd4 8. Nxd4 c5 9. Nf3 Bb7 10. Re1 Qc7 11. e5 Nd5 12. Ne4 c4 13. Nfg5 Qxe5 14. Nxf7 Qc7 15. Nxh8 0-0-0 16. Nf7 Re8 17. Qh5 g6 18. Qxh7 Be7 19. Qxg6 Rf8 20. Bh6 1-0

[Event "Budapest op 3rd"]
[Site "Budapest"]
[Date "2013.08.18"]
[Round "2"]
[White "Bodrogi, Laszlo"]
[Black "Ronyai, Imre"]
[Result "1-0"]
[WhiteElo "2015"]
[BlackElo "1591"]
[PlyCount "43"]
[EventDate "2013.08.17"]
[EventType "swiss"]
[EventRounds "9"]
[EventCountry "HUN"]
[SourceTitle "CBM 156 Extra"]
[Source "ChessBase"]
[SourceDate "2013.10.22"]
[SourceVersion "1"]
[SourceVersionDate "2013.10.22"]
[SourceQuality "1"]

1. d4 Nf6 2. c4 g6 3. Nc3 d5 4. Nf3 Bg7 5. Qb3 dxc4 6. Qxc4 0-0 7. e4 c6 8. Qb3 b6 9. Bc4 e6 10. Bg5 Qc7 11. e5 Nd5 12. Ne4 Nd7 13. Rc1 f6 14. Bxd5 exd5 15. Nxf6+ Nxf6 16. exf6 Bxf6 17. Qxd5+ cxd5 18. Rxc7 Re8+ 19. Kd2 Bxg5+ 20. Nxg5 h6 21. Nf7 Re4 22. Nxh6+ 1-0

[Event "Biatorbagy Gal Memorial 1st"]
[Site "Biatorbagy"]
[Date "2012.12.14"]
[Round "3"]
[White "Ronyai, Imre"]
[Black "Csapo, Laszlo"]
[Result "0-1"]
[WhiteElo "1640"]
[BlackElo "1534"]
[PlyCount "40"]
[EventDate "2012.11.30"]
[EventType "swiss"]
[EventRounds "7"]
[EventCountry "HUN"]
[SourceTitle "EXT 2014"]
[Source "ChessBase"]
[SourceDate "2013.11.20"]
[SourceVersion "1"]
[SourceVersionDate "2013.11.20"]
[SourceQuality "1"]

1. e4 e5 2. Nf3 Nc6 3. Nc3 Nf6 4. d4 exd4 5. Nd5 Bb4+ 6. Nxb4 Nxb4 7. e5 Qe7 8. Be2 Ng4 9. Bf4 0-0 10. h3 Nd5 11. Bg5 f6 12. Qxd4 Qb4+ 13. Qxb4 Nxb4 14. Bc4+ Kh8 15. Bb3 Nxe5 16. Bd2 Nxf3+ 17. gxf3 Re8+ 18. Kf1 Nc6 19. Bc3 d6 20. Kg2 Be6 0-1

[Event "Budapest Karacsonyi op 3rd"]
[Site "Budapest"]
[Date "2011.12.29"]
[Round "5"]
[White "Horvath, Zoltan1111"]
[Black "Ronyai, Imre"]
[Result "0-1"]
[WhiteElo "1543"]
[BlackElo "1725"]
[PlyCount "85"]
[EventDate "2011.12.27"]
[EventType "swiss"]
[EventRounds "7"]
[EventCountry "HUN"]
[SourceTitle "EXT 2020"]
[Source "ChessBase"]
[SourceDate "2019.10.17"]
[SourceVersion "1"]
[SourceVersionDate "2019.10.17"]
[SourceQuality "1"]

1. e4 c5 2. Nf3 e6 3. d4 cxd4 4. Nxd4 Nf6 5. Nc3 d6 6. Be2 Nc6 7. Be3 Bd7 8. 0-0 Nxd4 9. Bxd4 Bc6 10. e5 dxe5 11. Bxe5 Be7 12. Qxd8+ Rxd8 13. Rad1 0-0 14. f4 Bc5+ 15. Kh1 Ne4 16. Nxe4 Bxe4 17. c3 Bc2 18. Rde1 Rd2 19. Rf3 Rfd8 20. h3 Be4 21. Rg3 g6 22. Bf3 Bf2 23. Bxe4 Bxg3 24. Rf1 Rd1 25. Kg1 R8d2 26. Bd4 Bh2+ 27. Kxh2 Rxf1 28. Bxb7 Rxb2 29. Ba6 Rxf4 30. Bc4 e5 31. Kg3 g5 32. Bxf7+ Rxf7 33. Bxe5 h5 34. h4 gxh4+ 35. Kxh4 Rxg2 36. c4 Rf5 37. Bb8 Rf1 38. Kh3 Rg4 39. c5 a5 40. c6 a4 41. Be5 a3 42. c7 Rc1 43. Kh2 0-1

[Event "Budapest Karacsonyi op 3rd"]
[Site "Budapest"]
[Date "2011.12.29"]
[Round "4"]
[White "Ronyai, Imre"]
[Black "Karacsonyi, Gellert"]
[Result "1-0"]
[WhiteElo "1725"]
[BlackElo "1376"]
[PlyCount "69"]
[EventDate "2011.12.27"]
[EventType "swiss"]
[EventRounds "7"]
[EventCountry "HUN"]
[SourceTitle "EXT 2020"]
[Source "ChessBase"]
[SourceDate "2019.10.17"]
[SourceVersion "1"]
[SourceVersionDate "2019.10.17"]
[SourceQuality "1"]

1. e4 e6 2. d4 d5 3. e5 c5 4. c3 Nc6 5. Nf3 Nge7 6. Bd3 Qb6 7. dxc5 Qxc5 8. b4 Qb6 9. b5 Na5 10. Be3 Qc7 11. 0-0 Ng6 12. Bd4 Bc5 13. Nbd2 Bd7 14. a4 Nf4 15. Bc2 Rc8 16. Ra2 h5 17. g3 Ng6 18. Ng5 Qd8 19. Nxf7 Kxf7 20. Qf3+ Kg8 21. Bxg6 Qf8 22. Bxh5 Qxf3 23. Nxf3 Rxh5 24. g4 Rh6 25. Ng5 Rg6 26. f4 Be7 27. h4 Rh6 28. h5 Bxg5 29. fxg5 Rh8 30. Raf2 Re8 31. g6 Nc4 32. Bc5 Nd6 33. Bxd6 Rh7 34. Rf8+ Rxf8 35. Rxf8# 1-0

[Event "Budapest Spring op 22nd"]
[Site "Budapest"]
[Date "2006.03.23"]
[Round "1"]
[White "Bjornsson, Tomas"]
[Black "Ronyai, Imre"]
[Result "1-0"]
[WhiteElo "2213"]
[BlackElo "1907"]
[PlyCount "47"]
[EventDate "2006.03.23"]
[EventType "swiss"]
[EventRounds "9"]
[EventCountry "HUN"]
[SourceTitle "CBM 111 Extra"]
[Source "ChessBase"]
[SourceDate "2006.05.09"]
[SourceVersion "1"]
[SourceVersionDate "2006.05.09"]
[SourceQuality "1"]

1. e4 c5 2. Nf3 e6 3. d4 cxd4 4. Nxd4 Nf6 5. Nc3 d6 6. Be2 Nc6 7. 0-0 Bd7 8. Ndb5 Qb8 9. Bf4 e5 10. Bg5 Be7 11. Bxf6 gxf6 12. Nd5 Bd8 13. Bg4 f5 14. Bxf5 Bxf5 15. exf5 a6 16. Nbc3 h5 17. Ne4 Nd4 18. Qd3 h4 19. c3 Nc6 20. h3 Kf8 21. Rad1 Rh6 22. Qd2 Rh5 23. Ndf6 Bxf6 24. Nxf6 1-0

[Event "Nyiregyhaza op"]
[Site "Nyiregyhaza"]
[Date "2005.07.14"]
[Round "6"]
[White "Antos, Zoltan"]
[Black "Ronyai, Imre"]
[Result "1/2-1/2"]
[WhiteElo "1879"]
[BlackElo "1901"]
[PlyCount "89"]
[EventDate "2005.07.09"]
[EventType "swiss"]
[EventRounds "9"]
[EventCountry "HUN"]
[SourceTitle "EXT 2008"]
[Source "ChessBase"]
[SourceDate "2007.11.25"]
[SourceVersion "1"]
[SourceVersionDate "2007.11.25"]
[SourceQuality "1"]

1. e4 c5 2. Nf3 e6 3. d4 cxd4 4. Nxd4 Nf6 5. Bd3 Bc5 6. Nb3 Be7 7. 0-0 Nc6 8. Nc3 0-0 9. Be3 Ne5 10. Be2 d6 11. f4 Nc6 12. Bf3 a6 13. a3 Qc7 14. Qe1 Bd7 15. Kh1 Rac8 16. g4 d5 17. e5 Ne8 18. g5 d4 19. Nxd4 Na5 20. Ne4 Nc4 21. Rb1 Ba4 22. b3 Nxe3 23. Qxe3 Bd7 24. b4 b5 25. Rfc1 Qb6 26. Nf5 Qxe3 27. Nxe3 Nc7 28. Ng3 Rfd8 29. Bb7 Rb8 30. Be4 f6 31. gxf6 gxf6 32. Rg1 Kh8 33. Ne2 f5 34. Bf3 a5 35. c3 Be8 36. Rgd1 Rbc8 37. bxa5 Bc5 38. Rxd8 Rxd8 39. Rd1 Rxd1+ 40. Nxd1 Bxa3 41. Bb7 Bc5 42. a6 Nxa6 43. Kg2 Nc7 44. Bf3 Kg7 45. Nc1 1/2-1/2

[Event "Nyiregyhaza op"]
[Site "Nyiregyhaza"]
[Date "2004.07.17"]
[Round "8"]
[White "Ronyai, Imre"]
[Black "Lengyel, Istvan1111"]
[Result "0-1"]
[WhiteElo "1940"]
[BlackElo "2080"]
[PlyCount "60"]
[EventDate "2004.07.10"]
[EventType "swiss"]
[EventRounds "9"]
[EventCountry "HUN"]
[SourceTitle "EXT 2008"]
[Source "ChessBase"]
[SourceDate "2007.11.25"]
[SourceVersion "1"]
[SourceVersionDate "2007.11.25"]
[SourceQuality "1"]

1. e4 c5 2. Nf3 d6 3. d4 cxd4 4. Nxd4 Nf6 5. Nc3 g6 6. f3 Nc6 7. Be3 Bg7 8. Qd2 a6 9. Bc4 Bd7 10. 0-0-0 b5 11. Bb3 Qc7 12. g4 Ne5 13. h4 Nc4 14. Bxc4 bxc4 15. h5 Rb8 16. hxg6 fxg6 17. Kb1 Qb7 18. b3 a5 19. a4 Qb4 20. Ka2 cxb3+ 21. cxb3 e5 22. Ndb5 Be6 23. Qxd6 Qxb3+ 24. Ka1 Rc8 25. Rd3 Qc4 26. Qxe5 Rd8 27. Rd6 Kf7 28. Rhd1 Nd5 29. Qh2 Bxc3+ 30. Nxc3 Qxc3+ 0-1

[Event "Nyiregyhaza op"]
[Site "Nyiregyhaza"]
[Date "2003.07.05"]
[Round "1"]
[White "Ronyai, Imre"]
[Black "Bartha, Laszlo"]
[Result "0-1"]
[WhiteElo "1978"]
[BlackElo "2124"]
[PlyCount "66"]
[EventDate "2003.07.05"]
[EventType "swiss"]
[EventRounds "9"]
[EventCountry "HUN"]
[SourceTitle "EXT 2005"]
[Source "ChessBase"]
[SourceDate "2004.11.15"]
[SourceVersion "1"]
[SourceVersionDate "2004.11.15"]
[SourceQuality "1"]

1. e4 c5 2. Nf3 d6 3. d4 cxd4 4. Nxd4 Nf6 5. Nc3 a6 6. Bd3 Qc7 7. f3 e6 8. Be3 Nc6 9. Qd2 Be7 10. 0-0-0 Nd7 11. Kb1 b5 12. g4 Bb7 13. h4 b4 14. Nce2 Rc8 15. g5 Nc5 16. h5 Na4 17. Nxc6 Bxc6 18. Nd4 Bd7 19. Rdg1 Rb8 20. Qg2 e5 21. Nf5 Bxf5 22. exf5 Rf8 23. h6 g6 24. fxg6 fxg6 25. Bxa6 d5 26. Qe2 Nc3+ 27. bxc3 bxc3+ 28. Ka1 d4 29. Bb5+ Kd8 30. Bc1 Qa5 31. a4 Bd6 32. Rh4 Rf7 33. f4 Ra7 0-1

[Event "Piremon Nyirsegi Torna op"]
[Site "Nyiregyhaza"]
[Date "2002.07.07"]
[Round "9"]
[White "Kiss, Balazs"]
[Black "Ronyai, Imre"]
[Result "1-0"]
[WhiteElo "2042"]
[BlackElo "2095"]
[PlyCount "67"]
[EventDate "2002.06.29"]
[EventType "swiss"]
[EventRounds "9"]
[EventCountry "HUN"]
[SourceTitle "EXT 2004"]
[Source "ChessBase"]
[SourceDate "2003.11.25"]
[SourceVersion "1"]
[SourceVersionDate "2003.11.25"]
[SourceQuality "1"]

1. d4 Nf6 2. c4 g6 3. Nc3 d5 4. cxd5 Nxd5 5. Bd2 Bg7 6. e4 Nb6 7. Be3 0-0 8. f4 e6 9. Nf3 N8d7 10. Be2 Nf6 11. h3 c6 12. 0-0 Qe7 13. a3 Nh5 14. Kh2 Nf6 15. g4 Rd8 16. Qc2 Rf8 17. g5 Nfd7 18. e5 Kh8 19. Ne4 Nd5 20. Qd2 Nxe3 21. Qxe3 Nb6 22. Qf2 Nd5 23. Qh4 Qd8 24. Nf6 Bxf6 25. gxf6 h5 26. Ng5 Ne3 27. Rfd1 Nf5 28. Qf2 h4 29. Bg4 Ng3 30. Rd3 c5 31. Rxg3 hxg3+ 32. Qxg3 Kg8 33. Qh4 Qxd4 34. Qh7# 1-0

[Event "Piremon Nyirsegi Torna op"]
[Site "Nyiregyhaza"]
[Date "2002.07.05"]
[Round "7"]
[White "Palasti, Ferenc"]
[Black "Ronyai, Imre"]
[Result "1-0"]
[WhiteElo "2090"]
[BlackElo "2095"]
[PlyCount "53"]
[EventDate "2002.06.29"]
[EventType "swiss"]
[EventRounds "9"]
[EventCountry "HUN"]
[SourceTitle "EXT 2004"]
[Source "ChessBase"]
[SourceDate "2003.11.25"]
[SourceVersion "1"]
[SourceVersionDate "2003.11.25"]
[SourceQuality "1"]

1. Nf3 d5 2. d4 Nf6 3. c4 dxc4 4. Nc3 g6 5. e4 Bg7 6. Bxc4 0-0 7. h3 e6 8. Bg5 h6 9. Be3 c6 10. 0-0 Nbd7 11. e5 Nd5 12. Ne4 N7b6 13. Bb3 Nxe3 14. fxe3 Nd5 15. Qd2 Bd7 16. Nd6 Rb8 17. Rf2 f5 18. exf6 Qxf6 19. Raf1 Qe7 20. Nc4 Kh7 21. Bc2 Be8 22. a3 Rd8 23. Nce5 Bxe5 24. Nxe5 Rxf2 25. Rxf2 Qg5 26. Rf3 c5 27. Qf2 1-0